000 01001nam0a2200301 4500
001 RU\NLR\ONL2\5872
005 20250613125817.0
010 _a5-7534-0747-1
_9500
035 _a(NLR Aleph) 009653470
090 _a9580162
_c9580162
100 _a20060915d2004 |||y0rusy50 ca
101 0 _aoss
102 _aRU
105 _ac |||||||||
200 1 _aӔрвыг
_eӕмдзӕвгӕтӕ
210 _aДзӕуджыхъӕу
_cИр
_d2004
215 _a111 с.
_cпортр.
_d17
541 1 _6z01790
_aБриллиант
_eстихи
_zrus
686 1 _aШ6(2=Осет)7-5
700 1 _4070
_7ca
_8oss
_aБызыккаты
_bЗ.
_f1951-
_gЗемфирӕ
_9212631
_3RU\NLR\AUTH\770212687
790 1 _4070
_7ca
_8rus
_aБзыкова
_bЗ. В.
_f1951-
_gЗемфира Владимировна
_9212629
_3RU\NLR\AUTH\770212685
801 0 _aRU
_bNLR
_c20060915
_gPSBO
852 _aNLR
_bОНЛ
_jОсет./2-2342
942 _cBOOK
980 _aNB
980 _aONL_RF